Proverbios y Eclesiástico / (Registro nro. 2995)

Detalles MARC
000 -LEADER
campo de control de longitud fija 03267cam a22003254i 4500
003 - IDENTIFICADOR DE NÚMERO DE CONTROL
campo de control PE-LiUPU
005 - FECHA Y HORA DE LA ÚLTIMA TRANSACCIÓN
campo de control 20250811093846.0
008 - DATOS DE LONGITUD FIJA--INFORMACIÓN GENERAL
campo de control de longitud fija 1968sp 000 0 spa d
035 ## - NÚMERO DE CONTROL DEL SISTEMA
Número de control de sistema PE-LiUPU13932
040 ## - FUENTE DE CATALOGACIÓN
Centro catalogador/agencia de origen PE-LiUPU
Lengua de catalogación spa
Centro/agencia transcriptor PE-LiUPU
Normas de descripción rda
082 04 - NÚMERO DE LA CLASIFICACIÓN DECIMAL DEWEY
Número de clasificación 223.707
Cutter S415p
Número de edición 23
100 ## - ENTRADA PRINCIPAL--NOMBRE DE PERSONA
Nombre de persona Schökel, Luis Alonso,
Término indicativo de función/relación traductor.
9 (RLIN) 6428
245 10 - MENCIÓN DEL TÍTULO
Título Proverbios y Eclesiástico /
Mención de responsabilidad, etc. traducido por Luis Alonso Schökel.
264 #1 - PRODUCCIÓN, PUBLICACIÓN, DISTRIBUCIÓN, FABRICACIÓN Y COPYRIGHT
Producción, publicación, distribución, fabricación y copyright Madrid :
Nombre del de productor, editor, distribuidor, fabricante Ediciones Cristiandad,
Fecha de producción, publicación, distribución, fabricación o copyright 1968.
300 ## - DESCRIPCIÓN FÍSICA
Extensión 332 páginas ;
Dimensiones 20 cm
336 ## - TIPO DE CONTENIDO
Término de tipo de contenido text
Fuente rdacontent
337 ## - TIPO DE MEDIO
Nombre/término del tipo de medio unmediated
Fuente rdamedia
338 ## - TIPO DE SOPORTE
Nombre/término del tipo de soporte volume
Fuente rdacarrier
500 ## - NOTA GENERAL
Nota general Incluye introducción, comentarios y revisión crítica de los textos bíblicos.
504 ## - NOTA DE BIBLIOGRAFÍA, ETC.
Nota de bibliografía, etc. Contiene referencias bíblicas y notas al pie.
505 0# - NOTA DE CONTENIDO CON FORMATO
Nota de contenido con formato Introducción -- Título -- Programa y lema -- Exordio -- Tentación de codicia -- Pregón de la Sabiduría -- Discurso del maestro -- Deberes con Dios -- Sabiduría y prudencia -- Deberes con el prójimo -- La tradición -- Los dos caminos -- El buen camino -- La ramera -- Gozo del matrimonio -- Sanción divina -- Fianza -- Pereza -- Doblez -- Siete cosas -- Adulterio -- La ramera -- Pregón de la Sabiduría -- Himno de la Sabiduría -- Banquete de la Sabiduría -- El burlón y el sabio -- Banquete de la Locura -- Sabiduría y temor de Dios -- Sabiduría y paciencia -- Sinceridad -- Paciencia y confianza -- Honrar padre y madre -- Humildad -- Limosna -- Habla la Sabiduría -- Timidez -- Presunción -- Sobre el hablar -- La pasión -- Amigos -- La Sabiduría -- Serie negativa: Proverbios varios -- Serie positiva -- Serie negativa: Riñas y disputas -- Docilidad -- Trato con los hombres -- Trato con las mujeres -- Amigo viejo -- Compañías -- Soberbia -- Valor del hombre -- Apariencia y juicio de Dios -- Cautela con el desconocido -- Cautela en favorecer -- El enemigo -- Trato con el rico -- Trato con el noble -- Ricos y pobres -- La conciencia -- La mujer buena -- La mujer malvada -- Exhortación -- Tres cosas -- Mercader -- Conocer a los hombres -- Bien hablar -- Guardar secretos -- Falso amigo -- Quien la hace la paga -- Venganza -- Riñas -- Calumnia -- Educación de los hijos -- Salud -- Alegría -- Riqueza y honradez -- Invitado -- Vino -- Banquetes -- Temor de Dios -- Proverbios varios -- De dos en dos -- El autor -- Testamentos -- Siervos -- Sueños -- Viajes -- Temor de Dios -- Culto y justicia -- Los gritos del pobre -- Oración por Israel -- Elección de mujer -- Elección de amigo -- Elección de consejero -- Los sabios -- Salud -- Médico -- Enfermedad -- Muerte -- Artes y oficios -- El sabio -- Exhortación -- Todo es bueno -- La condición humana -- Mejor que los dos -- Vivir de limosna -- Cuidados por la hija -- El Creador -- La creación -- La historia -- Tres enemigos -- Envío y firma -- Acción de gracias -- Poema alfabético.
630 14 - PUNTO DE ACCESO ADICIONAL DE MATERIA--TÍTULO UNIFORME
Título uniforme Biblia.
Nombre de parte o sección de la obra Proverbios
Subdivisión general Comentarios.
9 (RLIN) 1696
630 14 - PUNTO DE ACCESO ADICIONAL DE MATERIA--TÍTULO UNIFORME
Título uniforme Biblia.
Nombre de parte o sección de la obra Eclesiástico
Subdivisión general Crítica, interpretación, etc.
9 (RLIN) 5081
700 ## - ENTRADA AGREGADA--NOMBRE PERSONAL
Nombre de persona Valverde, José María,
Término indicativo de función/relación revisor.
9 (RLIN) 6429
700 ## - ENTRADA AGREGADA--NOMBRE PERSONAL
Nombre de persona Mateos, Juan,
Término indicativo de función/relación revisor.
9 (RLIN) 6430
710 2# - ENTRADA AGREGADA--NOMBRE DE ENTIDAD CORPORATIVA
Nombre de entidad corporativa o nombre de jurisdicción como elemento de entrada Ediciones Cristiandad,
Término indicativo de función/relación editor.
942 ## - ELEMENTOS DE ENTRADA SECUNDARIOS (KOHA)
Fuente del sistema de clasificación o colocación Clasificación Decimal Dewey
Tipo de ítem Koha Libros físicos
980 ## - EQUIVALENCIA O REFERENCIA-CRUZADA-MENCIÓN DE SERIE--NOMBRE DE PERSONA/TÍTULO [LOCAL, CANADÁ]
ID del último usuario que modificó el registro 18226
Nombre del último usuario que modificó el registro Jaime Vilcazán Jefe de Análisis Documental
Existencias
Visto por última vez Número de inventario Total de préstamos Signatura topográfica completa Código de barras Fecha del último préstamo Copia número Coste, precio de reemplazo Fecha de reemplazo Facultad Tipo de ítem Koha Nota pública Estado de pérdida Fuente del sistema de clasificación o colocación Restricciones de uso No para préstamo Colección Programa académico Biblioteca de origen Biblioteca actual Ubicación en estantería Fecha de adquisición Fuente de adquisición Coste, precio normal de compra
2025-12-02 6 2 223.707 S415p 13932 2016-06-05 e1 45.00 2015-06-17 Teología Libros físicos inventario-2023-12-13 No Perdido Clasificación Decimal Dewey No restringido Disponible para préstamos Colección General Teología Biblioteca CRAI UPeU Lima Biblioteca CRAI UPeU Lima Sala principal 2015-06-17 COMPRA 40.00